Quick Pick: Animals in Fairy Tales Quiz Stats

 Plays Quiz Updated Jun 11, 2017

Support Sporcle.
Go Orange.
Score 0/12 Timer 01:00
0 Plays Today
% Correct
Puss
96.8%
Duckling
96.8%
Bears
95.8%
Wolf
95.7%
Pigs
95.3%
Frog
95.1%
Bee
95.1%
Goose
93.3%
Goats
91.2%
Chicken
90.5%
Mouse
89.9%
Snake
66.3%

Today's Daily Dose

Missing Word
'Y-Z' Pairs

Quick Pick
MCU Directors

You're not logged in!

Compare scores with friends on all Sporcle quizzes.
OR
Log In
Forgot?

From the Vault

Cast of the Simpsons

by Derek

If you're a big fan of 'The Simpsons', obviously you can name all the little yellow characters. The question is, do you know the voice talent who brings them to life?
Remove Ads.
Support Sporcle.
Get the best of Sporcle when you Go Orange. This ad-free experience offers more features, more stats, and more fun while also helping to support Sporcle. Thank you for becoming a member.

Show Comments

Extras

Top Quizzes Today


Score Distribution

Your Account Isn't Verified!

In order to create a playlist on Sporcle, you need to verify the email address you used during registration. Go to your Sporcle Settings to finish the process.

Report this User

Report this user for behavior that violates our Community Guidelines.

Details: